Deseño curricular base: linguas estranxeiras
Saved in:
| Institution som forfatter: | |
|---|---|
| Format: | Bog |
| Sprog: | galicisk |
| Udgivet: |
Santiago de Compostela
Conselleria de Educación e Ordenación Universitaria
1992
|
| Serier: | Educación Secundaria Obrigatoria
|
| Fag: | |
| Tags: |
Tilføj Tag
Ingen Tags, Vær først til at tagge denne postø!
|
MARC
| LEADER | 00000nam a2200000 a 4500 | ||
|---|---|---|---|
| 001 | UCQ5126 | ||
| 003 | CL-VaPUC | ||
| 008 | 980925e19920000SP |||||||||||||||||glg|d | ||
| 082 | 0 | 4 | |a 373.19 |b XUN |2 21 |
| 110 | 2 | |a Xunta de Galicia |e author |9 419301 | |
| 245 | 1 | 0 | |a Deseño curricular base: linguas estranxeiras |
| 300 | |a 52 p | ||
| 942 | |c BK | ||
| 945 | |d 19980925 00:00:00 |a mvenant | ||
| 260 | |a Santiago de Compostela |b Conselleria de Educación e Ordenación Universitaria |c 1992 | ||
| 650 | 0 | |a Planificación del currículo |9 269599 | |
| 650 | 7 | |a FRANCES |2 CL-VaPUC |9 259059 | |
| 650 | 0 | |a Enseñanza de idiomas |9 339820 | |
| 650 | 0 | |a Inglés |9 260023 | |
| 583 | |a last modification |c 20170727 03:57:47 |k Rodrigo Vera | ||
| 490 | 0 | |a Educación Secundaria Obrigatoria | |
| 999 | |c 275345 |d 275343 | ||
| 952 | |0 0 |1 0 |4 0 |6 373_190000000000000_XUN_1992 |7 0 |8 A |9 312077 |a BIBEDU |b BIBEDU |d 2019-11-20 |i 3464989 |o 373.19 XUN 1992 |p 3464989 |r 2019-11-20 |w 2019-11-20 |y BK |k BME | ||